Las consultas diarias en neumología / (Record no. 176418)

MARC details
000 -LEADER
campo de control de longitud fija 00815nam a22002535i 4500
001 - NÚMERO DE CONTROL
campo de control 176418
003 - IDENTIFICADOR DE NÚMERO DE CONTROL
campo de control ES-MaACL
005 - FECHA Y HORA DE LA ÚLTIMA TRANSACCIÓN
campo de control 20251126143557.0
008 - DATOS DE LONGITUD FIJA--INFORMACIÓN GENERAL
campo de control de longitud fija 110113s1967 sp |||| | spa d
080 ## - NÚMERO DE LA CLASIFICACIÓN DECIMAL UNIVERSAL
Número de la Clasificación Decimal Universal 616.24
100 0# - ENTRADA PRINCIPAL--NOMBRE DE PERSONA
Nombre de persona Brocard, H.
9 (RLIN) 144745
245 14 - MENCIÓN DEL TÍTULO
Título Las consultas diarias en neumología /
Mención de responsabilidad, etc. H. Brocard y Ch. Gallouëdec ; versión española de P. Roca Amigó.
250 ## - MENCION DE EDICION
Mención de edición 1ª ed.
260 ## - PUBLICACIÓN, DISTRIBUCIÓN, ETC.
Lugar de publicación, distribución, etc. Barcelona :
Nombre del editor, distribuidor, etc. Toray-Masson,
Fecha de publicación, distribución, etc. 1967.
300 ## - DESCRIPCIÓN FÍSICA
Extensión XI, 267 p. ;
Dimensiones 22 cm.
490 1# - MENCIÓN DE SERIE
Mención de serie Las consultas diarias ;
Designación de volumen o secuencia 19
500 ## - NOTA GENERAL
Nota general Índice.
650 04 - PUNTO DE ACCESO ADICIONAL DE MATERIA--TÉRMINO DE MATERIA
Término de materia o nombre geográfico como elemento de entrada Pulmones-
Subdivisión general Enfermedades.
9 (RLIN) 136791
700 1# - ENTRADA AGREGADA--NOMBRE PERSONAL
Nombre de persona Gallouëdec, Ch.
9 (RLIN) 144746
700 0# - ENTRADA AGREGADA--NOMBRE PERSONAL
Nombre de persona Roca Amigó, Pedro
9 (RLIN) 97984
830 0# - PUNTO DE ACCESO ADICIONAL DE SERIE-TÍTULO UNIFORME
Título uniforme Las consultas diarias ;
Designación de volumen o secuencia 19
9 (RLIN) 190025
852 ## - LOCALIZACIÓN
Ubicación ES-MaACL
Número de control de estantería E-14048
Encuadernación Olim P-210-Ter
Holdings
Estatus retirado Estado de pérdida Estado de daño No para préstamo Biblioteca de origen Biblioteca actual Ubicación en estantería Fecha de adquisición Fuente de adquisición Total de préstamos Signatura topográfica completa Código de barras Visto por última vez Precio de reemplazo Tipo de ítem Koha
        Biblioteca del Ateneo de Madrid Biblioteca del Ateneo de Madrid Depósito 2 13/01/2011     E-14048 1185275 23/02/2023 23/02/2023 Libro impreso